Language, truth and logic / (Record no. 30223)
[ view plain ]
| 000 -LEADER | |
|---|---|
| fixed length control field | 00852nam a2200277 a 4500 |
| 001 - CONTROL NUMBER | |
| control field | 30223 |
| 003 - CONTROL NUMBER IDENTIFIER | |
| rucl marc code | BD-RjUL |
| 005 - DATE AND TIME OF LATEST TRANSACTION | |
| control field | 20211209051530.0 |
| 008 - FIXED-LENGTH DATA ELEMENTS--GENERAL INFORMATION | |
| fixed length control field | 140409r19701946enk 001 0 eng d |
| 020 ## - INTERNATIONAL STANDARD BOOK NUMBER | |
| International Standard Book Number | 0575007052 |
| 035 ## - SYSTEM CONTROL NUMBER | |
| System control number | OCLC 13995485 from nso54 |
| -- | (BD-RjUL)30308 |
| 040 ## - CATALOGING SOURCE | |
| Original cataloging agency | EUE |
| Transcribing agency | EUE |
| Modifying agency | FCU |
| -- | IAE |
| -- | BD-RjUL |
| Language of cataloging | eng |
| 041 ## - LANGUAGE CODE | |
| Language code of text/sound track or separate title | eng |
| 082 ## - DEWEY DECIMAL CLASSIFICATION NUMBER | |
| Classification number | 160 |
| Author mark and year | AYL 1970 |
| 100 1# - MAIN ENTRY--PERSONAL NAME | |
| Personal name | Ayer, A. J. |
| Fuller form of name | (Alfred Jules), |
| Dates associated with a name | 1910-1989 . |
| 9 (RLIN) | 91869 |
| 245 10 - TITLE STATEMENT | |
| Title | Language, truth and logic / |
| Statement of responsibility, etc. | A.J. Ayer. |
| 250 ## - EDITION STATEMENT | |
| Edition statement | 2nd ed. (revised and re-set) |
| 260 ## - PUBLICATION, DISTRIBUTION, ETC. (IMPRINT) | |
| Place of publication, distribution, etc. | Harmondsworth : |
| Name of publisher, distributor, etc. | Penguin, |
| Date of publication, distribution, etc. | 1946 [Impression 1955, 1962, 1970] |
| 300 ## - PHYSICAL DESCRIPTION | |
| Pagination | 160 p. ; |
| Size | 18 cm. |
| 504 ## - BIBLIOGRAPHY, ETC. NOTE | |
| Bibliography, etc | Includes index. |
| 650 #0 - SUBJECT ADDED ENTRY--TOPICAL TERM | |
| Topical term or geographic name as entry element | Experience |
| 9 (RLIN) | 91870 |
| Topical term or geographic name as entry element | Philosophy |
| 9 (RLIN) | 91871 |
| Topical term or geographic name as entry element | Knowledge, Theory of |
| 9 (RLIN) | 91872 |
| Topical term or geographic name as entry element | Language and languages |
| 9 (RLIN) | 91873 |
| 942 ## - ADDED ENTRY ELEMENTS (KOHA) | |
| Source of classification or shelving scheme | Dewey Decimal Classification |
| Koha item type | Books |
| Lost status | Source of classification or shelving scheme | Damaged status | Not for loan | Collection code | Permanent Location | Current Location | Shelving location | Date acquired | Source of acquisition | Cost, normal purchase price | Total Checkouts | Full call number | Date last seen | Date checked out | Copy number | Koha item type |
|---|---|---|---|---|---|---|---|---|---|---|---|---|---|---|---|---|
| Dewey Decimal Classification | Non-fiction | Central Library, University of Rajshahi | Central Library, University of Rajshahi | 29/11/1975 | Jonathan wren & co. | 80.00 | 1 | 160 AYL 1970 | 04/05/2016 | 25/04/2016 | C-10 | Books | ||||
| Dewey Decimal Classification | Non-fiction | Central Library, University of Rajshahi | Central Library, University of Rajshahi | 15/02/1963 | Zeitlinger | 15.00 | 160 AYL 1962 | 12/04/2014 | C-9 | Books | ||||||
| Dewey Decimal Classification | Non-fiction | Central Library, University of Rajshahi | Central Library, University of Rajshahi | 07/06/1956 | P. United | 8.80 | 1 | 160 AYL 1955 | 26/12/2019 | 07/12/2019 | C-2 | Books | ||||
| Dewey Decimal Classification | Non-fiction | Central Library, University of Rajshahi | Central Library, University of Rajshahi | 29/11/1975 | London, Ronatha & co. | 80.00 | 160 AYL 1970 | 22/06/2016 | C-3 | Books | ||||||
| Dewey Decimal Classification | Non-fiction | Central Library, University of Rajshahi | Central Library, University of Rajshahi | 15/02/1963 | Zeithinger | 13.60 | 1 | 160 AYL 1970 | 27/02/2018 | 19/02/2018 | C-4 | Books | ||||
| Dewey Decimal Classification | Non-fiction | Central Library, University of Rajshahi | Central Library, University of Rajshahi | 15/02/1963 | Zeithinger | 15.00 | 160 AYL 1962 | 25/07/2016 | C-5 | Books |